1429 1158 1760 1954 1867 1474 1412 1120 1280 1259 1472 1896 1968 1397 1172 1907 1015 1652 1642 1751 1504 1993 1287 1052 1760 1900 1253 1253 1869 1388 1963 1643 1361 1754 1901 1510 1730 1320 1616 1585 1685 1608 1281 1158 1512 1190 1842 1452 1128 1204 1710 1433 1217 1456 1127 1208 1526 1749 1678 1957 1453 1664 1980 1497 1321 1137 1416 1470 1324 1466 1968 1262 1491 1301 1919 1357 1404 1667 1136 1492 1866 1488 1199 1916 1885 1976 1057 1347 1249 1716 1906 1539 1094 1694 1370 1688 1816 1518 1135 BCNSPRNW ULIB Ver.6.0+V

เปลี่ยนเป็นภาษาไทย

Change to English
 แสดงรายละเอียดบรรณานุกรม
  กลับหน้าหลัก

Brief Record : Get Marc (ISO 2709) : E-mail record : QR code < ปิดหน้าต่าง
LEADER : 00000nam 2200000uu 4500
001    13399128675
003     ULIB
008    230928s||||||||th 000 0 tha d
020    ^a8856652048370
060    ^aWS440^bป541น
100    ^aป้านกใหญ่
245    ^aนิทานเสริมสร้างทักษะในการใช้ชีวิต สอนให้เด็กมีความมั่นใจ และเกิดพัฒนาการตามวัยอย่างเหมาะสม หนูทำเอง หนูเก่งจัง : Do it By Yourseif, You Are Good
250    ^aพิมพ์ครั้งที่ 1
260    ^aกรุงเทพฯ :^bบริษัท วรรณาพับลิชชิ่ง จำกัด,^cม.ป.ป.
300    ^a24 หน้า;^c19 ซม.
650    ^aนิทานเด็ก
650    ^aเด็ก-พัฒนาการ
945    ^p50^l0^i30047
999    ^aกัณชพร จุลอักษร
รายการนี้ยังไม่มีแท็ก
คุณยังไม่ได้ล็อกอิน คุณสามารถมีกิจกรรมร่วมกับเว็บไซต์ได้ แต่ต้องล็อกอินก่อน ::
  ล็อกอิน

รายการสื่อสารสนเทศ

ลำดับที่ ประเภท เลขเรียก/บาร์โค้ด สถานที่ สถานะ
1. วิทยาศาสตร์การแพทย์ และสุขภาพ
วิทยาศาสตร์การแพทย์ และสุขภาพ
WS440 ป541น ฉ.1 
  Barcode: 30047
ห้องสมุดวิทยาเขตนครสวรรค์
►หนังสือทั่วไป:l:General Books
บนชั้น

รายการใกล้เคียง
    ชื่อเรื่อง [นิทานเสริมสร้างทักษะในการใช้ชีวิต สอนให้เด็กมีความมั่นใจ และเกิดพัฒนาการตามวัยอย่างเหมาะสม หนูทำเอง หนูเก่งจัง : Do it By Yourseif, You Are Good]

    ผู้แต่ง [ป้านกใหญ่]

    หัวเรื่อง [นิทานเด็ก]
    หัวเรื่อง [เด็ก-พัฒนาการ]

BibComment


ยังไม่เคยถูกคอมเมนท์

คอมเมนท์ทรัพยากรรายการนี้
  คอมเมนท์: นิทานเสริมสร้างท..


 Copyright 2026. Bcnsprnw @Library